01814nam a22002897a 4500008004100000020001800041040000800059041000800067100003400075245014500109260003800254300004200292490003100334520084700365610001901212650002201231650001401253650002401267650002601291650005301317650004901370655002001419655001501439655001601454700002401470700003001494250618b |||||||| |||| 00| 0 eng d a9780241553442 ctbs aeng aHastings, Reedd1960-eauthor aNo rules rulesc/ by Reed Hastings and Erin Meyer ; adapted by Catrin Morris ; illustrated by Henry Sene Yee ; series editor, Sorrel Pitts. aLondon : bPenguin Books, c2022. a95 pages : billustrations ; c20 cm. aPenguin readers ;vLevel 4 aWith carefully adapted text, new illustrations, language practise activities and additional online resources, the Penguin Readers series introduces language learners to bestselling authors and compelling content. Titles include popular classics, exciting contemporary fiction, and thought-provoking non-fiction. No Rules Rules, a Level 4 Reader, is A2+ in the CEFR framework. The text is made up of sentences with up to three clauses, introducing more complex uses of present perfect simple, passives, phrasal verbs and simple relative clauses. It is well supported by illustrations, which appear regularly. Reed Hastings started Netflix with Marc Randolph in 1997. Their company has completely changed how we watch TV and films. In this book, Reed explains the secret to the company's success and how at Netflix, there really are NO rules. 0aNetflix (Firm) 0aCorporate culture 0aEmployees 0aInternet television 0aReading comprehension 0aEnglish languagevTextbooks for foreign speakers 0aLevel 4 Reader, is A2+ in the CEFR framework 0aReaders (Adult) 0aInterviews 0aAdaptations aMeyer, Erineauthor aMorris, Catrin E.eeditor